[Event "IECG CN.2002.0.00291 email"]
[Site "IECG email"]
[Date "2002.04.16"]
[Round "?"]
[White "Aubrac, Philippe"]
[Black "Bengtsson, Anders"]
[Result "1-0"]
[WhiteElo "800"]
[BlackElo "800"]
[PlyCount "27"]
[EventDate "2002.04.16"]
[EventType "tourn (corr)"]
[EventRounds "6"]
[SourceTitle "Corr 2008"]
[Source "ChessBase"]
[SourceDate "2008.06.24"]
[SourceVersion "1"]
[SourceVersionDate "2008.06.24"]
[SourceQuality "1"]

1. e4 e5 2. Nf3 Nf6 3. d4 exd4 4. e5 Ne4 5. Qxd4 d5 6. exd6 Nxd6 7. Nc3 Nc6 8. Qf4 Bf5 9. Bb5 Bxc2 10. Ne5 Qe7 11. Nd5 g5 12. Qd4 Nxb5 13. Nf6+ Qxf6 14. Qd7# 1-0

[Event "IECG CN.2001.0.00270"]
[Site "IECG email"]
[Date "2001.11.22"]
[Round "?"]
[White "Rosenberger, Jerome"]
[Black "Bengtsson, Anders"]
[Result "1-0"]
[WhiteElo "724"]
[BlackElo "800"]
[PlyCount "37"]
[EventDate "2001.11.22"]
[EventType "tourn (corr)"]
[EventRounds "6"]
[SourceTitle "Corr 2008"]
[Source "ChessBase"]
[SourceDate "2008.06.24"]
[SourceVersion "1"]
[SourceVersionDate "2008.06.24"]
[SourceQuality "1"]

1. d4 d5 2. e3 c5 3. c3 Nc6 4. f4 Nf6 5. Bd3 cxd4 6. exd4 Qa5 7. Nf3 Bg4 8. 0-0 Ne4 9. Nbd2 f5 10. Qb3 Qc7 11. Qxd5 Nf6 12. Qb3 0-0-0 13. Ne5 Bh5 14. Qe6+ Kb8 15. Bxf5 Rd5 16. Nxc6+ bxc6 17. Nc4 g6 18. Bh3 Bg7 19. g4 1-0

[Event "IECG CN.2001.0.00270"]
[Site "IECG email"]
[Date "2001.??.??"]
[Round "?"]
[White "Lepercq, Pierre"]
[Black "Bengtsson, Anders"]
[Result "1-0"]
[WhiteElo "883"]
[BlackElo "800"]
[PlyCount "25"]
[EventDate "2001.11.22"]
[EventType "tourn (corr)"]
[EventRounds "6"]
[SourceTitle "Corr 2008"]
[Source "ChessBase"]
[SourceDate "2008.06.24"]
[SourceVersion "1"]
[SourceVersionDate "2008.06.24"]
[SourceQuality "1"]

1. e4 e5 2. Nf3 Nf6 3. d4 Nxe4 4. Bd3 d5 5. Nxe5 Nd7 6. Nxd7 Bxd7 7. 0-0 Qh4 8. c4 0-0-0 9. c5 Nxf2 10. Rxf2 Qxd4 11. c6 bxc6 12. Ba6+ Kb8 13. Qxd4 1-0